Crisis institucional, experiencia y conciencia de poder, notas sobre la crisis de la legalidad burguesa /

Bewaard in:
Bibliografische gegevens
Hoofdauteur: Balvé, Beba C
Formaat: Texto
Onderwerpen:
Tags: Voeg label toe
Geen labels, Wees de eerste die dit record labelt!

MARC

LEADER 00000 a a2200000 04500
001 43552
003
040
100 |a Balvé, Beba C  
245 |a Crisis institucional, experiencia y conciencia de poder, notas sobre la crisis de la legalidad burguesa /  |c Beba C. Balvé  
650 |a BURGUESIA  
650 |a CLASES SOCIALES  
650 |a CONDICIONES SOCIALES  
773 |g volumen7, número20 ( , 1978), páginas 221-252  
999 |c 39143  |d 39143 
773 0 |0 18875  |9 5398  |a Universidad de Costa Rica.  |d San José, Costa Rica: Universidad de Costa Rica. Consejo Superior Universitario Centroamericano, 1972-  |o 13214  |t Estudios Sociales Centroamericanos /  |x 03039676